Fr. Conceicao Rodrigues College of Engineering

Review of medical physiology:lange medical book (Record no. 34285)

MARC details
000 -LEADER
fixed length control field 00392nam a2200169Ia 4500
082 ## - DEWEY DECIMAL CLASSIFICATION NUMBER
Classification number 612
Item number GAN
100 ## - MAIN ENTRY--PERSONAL NAME
Personal name Ganong/William F
250 ## - EDITION STATEMENT
Edition statement 21
245 ## - TITLE STATEMENT
Title Review of medical physiology:lange medical book
260 ## - PUBLICATION, DISTRIBUTION, ETC.
Name of publisher, distributor, etc. McGraw - Hill
Date of publication, distribution, etc. 2003
300 ## - PHYSICAL DESCRIPTION
Extent 912
546 ## - LANGUAGE NOTE
Language note ENGLISH
650 ## - SUBJECT ADDED ENTRY--TOPICAL TERM
Topical term or geographic name entry element Biomedical instrumentation
654 ## - SUBJECT ADDED ENTRY--FACETED TOPICAL TERMS
Focus term medical physiology
942 ## - ADDED ENTRY ELEMENTS (KOHA)
Koha item type BOOK
Holdings
Withdrawn status Lost status Damaged status Not for loan Collection Home library Current library Date acquired Total Checkouts Full call number Barcode Date last seen Price effective from Koha item type
        CRC Fr. Agnel's C.Rodrigues College of Engineering Fr. Agnel's C.Rodrigues College of Engineering 17/03/2023   612 GAN 15878 17/03/2023 17/03/2023 BOOK
        CRC Fr. Agnel's C.Rodrigues College of Engineering Fr. Agnel's C.Rodrigues College of Engineering 17/03/2023   612 GAN 15879 17/03/2023 17/03/2023 BOOK